Normal view
MARC view
Entry Personal Name
001 - CONTROL NUMBER
- control field: 7832
003 - CONTROL NUMBER IDENTIFIER
- control field: BD-RjUL
005 - DATE AND TIME OF LATEST TRANSACTION
- control field: 20230601154533.0
008 - FIXED-LENGTH DATA ELEMENTS
- fixed length control field: 230601|| aca||aabn | a|a d
040 ## - CATALOGING SOURCE
- Original cataloging agency: BD-RjUL
- Transcribing agency: BD-RjUL
100 ## - HEADING--PERSONAL NAME
- Personal name: বসু, স্বপন
670 ## - SOURCE DATA FOUND
- Source citation: Work cat.: (BD-RjUL)81502: বসু, স্বপন , উনিশ শতকের বাঙালিজীবন ও সংস্কৃতি /